Najskôr reformy, až potom peniaze

Situáciu v niektorých afrických krajinách možno označiť za katastrofálnu. Prehľad makroekonomických ukazovateľov Afriky. Pomoc vyspelých krajín Afrike a NEPAD. Nedostatky a chyby na strane darcovských krajín.

Salvato in:
Dettagli Bibliografici
Autore principale: Rejta, Štefan
Natura: Capitolo di libro
Lingua:slovacco
Soggetti:
Tags: Aggiungi Tag
Nessun Tag, puoi essere il primo ad aggiungerne!!

MARC

LEADER 00000naa a2200000 4500
001 r045886
005 20230920074751.9
041 0 |a slo 
044 |a SK 
245 1 0 |a Najskôr reformy, až potom peniaze  |c Štefan Rejta 
520 |a Situáciu v niektorých afrických krajinách možno označiť za katastrofálnu. Prehľad makroekonomických ukazovateľov Afriky. Pomoc vyspelých krajín Afrike a NEPAD. Nedostatky a chyby na strane darcovských krajín. 
610 2 0 |a situácia hospodárska 
610 2 0 |a kríza hospodárska 
610 2 0 |a kríza politická 
610 2 0 |a Afrika 
610 2 0 |a Subsahara 
610 2 0 |a Európska únia 
610 2 0 |a krajiny vyspelé 
610 2 0 |a pomoc hospodárska 
610 2 0 |a programy rozvojové 
100 1 |a Rejta, Štefan